[Event "Penang op-B 5th"]
[Site "Penang"]
[Date "2013.12.09"]
[Round "1"]
[White "Mohd Saprin, Amir Muqqri"]
[Black "Yeoh, Ern"]
[Result "1-0"]
[WhiteElo "1636"]
[BlackElo "1248"]
[PlyCount "97"]
[EventDate "2013.12.09"]
[EventType "swiss"]
[EventRounds "9"]
[EventCountry "MAS"]
[SourceTitle "CBM 158 Extra"]
[Source "ChessBase"]
[SourceDate "2014.02.28"]
[SourceVersion "1"]
[SourceVersionDate "2014.02.28"]
[SourceQuality "1"]

1. e4 c5 2. Nc3 g6 3. f4 Bg7 4. Nf3 Nc6 5. Bb5 Nd4 6. 0-0 a6 7. Be2 e6 8. d3 d5 9. Kh1 Nxf3 10. Bxf3 dxe4 11. Nxe4 Qc7 12. c3 f5 13. Ng3 Nf6 14. Re1 0-0 15. Qb3 Re8 16. Bd2 Rb8 17. c4 Bd7 18. Bc3 Qxf4 19. Be5 Qh6 20. Bxb8 Rxb8 21. Kg1 f4 22. Ne2 e5 23. h3 Bf8 24. Nc3 b5 25. cxb5+ Kh8 26. b6 Bd6 27. b7 Rg8 28. Qb6 Qf8 29. Qxa6 h5 30. Qa8 g5 31. Qxf8 Rxf8 32. Ne4 Nxe4 33. Bxe4 Bf5 34. Bd5 Bxd3 35. Be6 Rb8 36. Red1 e4 37. Bc8 Be5 38. Rxd3 exd3 39. Rb1 d2 40. a4 c4 41. Rd1 Bd4+ 42. Kf1 c3 43. bxc3 Bxc3 44. Ke2 Kg8 45. Rxd2 Bxd2 46. Kxd2 Kf8 47. a5 Ke8 48. a6 Kd8 49. a7 1-0